|
|
|
|
| LEADER |
01370nam a2200361 a 4500 |
| 001 |
EBC944043 |
| 003 |
MiAaPQ |
| 005 |
20200520144314.0 |
| 006 |
m o d | |
| 007 |
cr cn||||||||| |
| 008 |
110207s2010 enkad s 001 0 eng d |
| 020 |
|
|
|z 9781849510844
|
| 020 |
|
|
|a 9781849510851 (electronic bk.)
|
| 035 |
|
|
|a (MiAaPQ)EBC944043
|
| 035 |
|
|
|a (Au-PeEL)EBL944043
|
| 035 |
|
|
|a (CaPaEBR)ebr10441069
|
| 035 |
|
|
|a (CaONFJC)MIL266361
|
| 035 |
|
|
|a (OCoLC)796383657
|
| 040 |
|
|
|a MiAaPQ
|c MiAaPQ
|d MiAaPQ
|
| 050 |
|
4 |
|a HD30.28
|b .P74 2010
|
| 100 |
1 |
|
|a Pretorius, Andries L.
|
| 245 |
1 |
0 |
|a Compiere 3
|h [electronic resource] :
|b an essential and concise guide to understanding and implementing Compiere /
|c Andries L. Pretorius.
|
| 260 |
|
|
|a Birmingham [England] :
|b Packt Pub.,
|c 2010.
|
| 300 |
|
|
|a vi, 208 p. :
|b ill. (some col.).
|
| 490 |
1 |
|
|a Community experience distilled
|
| 500 |
|
|
|a Includes index.
|
| 533 |
|
|
|a Electronic reproduction. Ann Arbor, MI : ProQuest, 2015. Available via World Wide Web. Access may be limited to ProQuest affiliated libraries.
|
| 650 |
|
0 |
|a Business planning.
|
| 650 |
|
0 |
|a Management information systems.
|
| 655 |
|
4 |
|a Electronic books.
|
| 710 |
2 |
|
|a ProQuest (Firm)
|
| 830 |
|
0 |
|a Community experience distilled.
|
| 856 |
4 |
0 |
|u https://ebookcentral.proquest.com/lib/matrademy/detail.action?docID=944043
|z Click to View
|